History Quiz

Random History or War Quiz
Score 0/14 Timer 07:00
3 Plays Today
% Correct
World War II
93.2%
Vietnam War
92.8%
World War I
91.3%
Korean War
82.7%
Chinese Civil War
74.2%
Soviet–Afghan War
70.9%
Russian Civil War
70.7%
% Correct
The Gulf War
70.6%
Russo-Japanese War
66.2%
Spanish Civil War
64.8%
Yugoslav Wars
64.7%
Six-Day War
63.7%
Falklands War
59.9%
Iran–Iraq War
54.3%
Remove Ads.
Support Sporcle.
Get the best of Sporcle when you Go Orange. This ad-free experience offers more features, more stats, and more fun while also helping to support Sporcle. Thank you for becoming a member.

You're not logged in!

Compare scores with friends on all Sporcle quizzes.
OR
Log In

Show Comments

Extras

Top Quizzes Today


Score Distribution

Your Account Isn't Verified!

In order to create a playlist on Sporcle, you need to verify the email address you used during registration. Go to your Sporcle Settings to finish the process.

Report this User

Report this user for behavior that violates our Community Guidelines.

Details: